000 00406nam a2200145Ia 4500
008 231221s9999 xx 000 0 und d
041 _aEnglish
082 _a001.6424C MUL
100 _aMullish, Henry Cooper, Herbert L
245 4 _aThe spirit of C : an introduction to modern programming
260 _c2004
_bJaico,
_aMumbai
300 _axvi+527
650 _aSpirit,C,:,programming
942 _cBC
999 _c201982
_d201982